[Event "AUTO-ELITE-2551"]
[Site "http://www.queenalice.com/game.php?id=1843427"]
[Date "2024.9.9"]
[Round "1"]
[White "SPIDERMAN99"]
[Black "trompmaster"]
[Result "1-0"]
[WhiteElo "2503"]
[BlackElo "2488"]

1. e4 d6 2. d4 Nf6 3. Nc3 Nbd7 4. f4 e5 5. Nf3 exd4 6. Qxd4 c6 7. Be3 d5 8. e5
Ng4 9. Bg1 Bc5 10. Qd2 Bxg1 11. Rxg1 Qb6 12. Na4 Qe3+ 13. Qxe3 Nxe3 14. Bd3 b5
15. Nc3 b4 16. Na4 Nb6 17. Nc5 a5 18. a3 bxa3 19. b3 Nd7 20. Nxd7 Kxd7 21. Kd2
Ng4 22. Rxa3 f6 23. b4 fxe5 24. fxe5 Nf2 25. Rxa5 Rxa5 26. bxa5 Nxd3 27. cxd3
Re8 28. d4 Rf8 29. Ke3 Rf5 30. Rf1 Rf8 31. Nd2 Rxf1 32. Nxf1 Kc7 33. Nd2 c5 34.
dxc5 Kc6 35. Kd4 Bb7 36. e6 Bc8 37. e7 Kd7 38. c6+ 1-0

[Event "AUTO-ELITE-2551"]
[Site "http://www.queenalice.com/game.php?id=1843428"]
[Date "2024.9.9"]
[Round "1"]
[White "trompmaster"]
[Black "SPIDERMAN99"]
[Result "0-1"]
[WhiteElo "2496"]
[BlackElo "2495"]

1. d4 Nf6 2. Nf3 d5 3. c4 e6 4. Nc3 Bb4 5. cxd5 exd5 6. Bf4 Ne4 7. Rc1 Nc6 8.
Nd2 g5 9. Bg3 Nxg3 10. hxg3 Nxd4 11. e3 Bxc3 12. Rxc3 Ne6 13. Nb3 c6 14. Rh6 Qc7
15. Qh5 Qe7 16. Rxh7 Rxh7 17. Qxh7 Qf6 18. Qc2 Bd7 19. Na5 Nd8 20. Nb3 b6 21. e4
d4 22. Rf3 Qd6 23. Qd2 g4 24. Rf4 c5 25. Bc4 f6 26. Be2 Nc6 27. Bxg4 Bxg4 28.
Rxg4 O-O-O 29. Rh4 c4 30. Nc1 d3 31. Kf1 Qb4 32. Ke1 Qb5 33. Kf1 Rd7 34. a3 Kb7
35. Rh8 c3 36. bxc3 Na5 37. a4 Qb1 38. Rh7 Rxh7 0-1

[Event "AUTO-ELITE-2554"]
[Site "http://www.queenalice.com/game.php?id=1844879"]
[Date "2024.10.7"]
[Round "1"]
[White "raulzampronha"]
[Black "SPIDERMAN99"]
[Result "0-1"]
[WhiteElo "2231"]
[BlackElo "2492"]

1. d4 Nf6 2. c4 e6 3. Nf3 d5 4. Nc3 Bb4 5. Qc2 O-O 6. Bg5 c5 7. e3 h6 8. Bh4
cxd4 9. exd4 Nc6 10. a3 Bxc3+ 11. bxc3 e5 12. cxd5 Qxd5 13. Bxf6 gxf6 14. Be2
exd4 15. cxd4 Qa5+ 16. Qd2 Rd8 17. Qxa5 Nxa5 18. O-O Nb3 19. Rad1 Be6 20. Rb1
Rac8 21. Rb2 b6 22. Rd1 Rc3 23. Kf1 Kf8 24. Ke1 Bd5 25. h3 Bxf3 26. Bxf3 Nxd4
0-1

[Event "AUTO-ELITE-2554"]
[Site "http://www.queenalice.com/game.php?id=1844880"]
[Date "2024.10.7"]
[Round "1"]
[White "SPIDERMAN99"]
[Black "raulzampronha"]
[Result "1-0"]
[WhiteElo "2471"]
[BlackElo "2286"]

1. e4 c5 2. Nf3 e6 3. d4 cxd4 4. Nxd4 d6 5. Nc3 Nf6 6. g4 h6 7. Rg1 Nc6 8. Be3
d5 9. Bb5 Bd7 10. exd5 exd5 11. Qe2 Bb4 12. Nxc6 Bxc6 13. Bd4+ Qe7 14. O-O-O
Qxe2 15. Bxe2 Be7 16. h4 O-O-O 17. Bxa7 1-0

[Event "AUTO-ELITE-2554"]
[Site "http://www.queenalice.com/game.php?id=1844887"]
[Date "2024.10.7"]
[Round "1"]
[White "SPIDERMAN99"]
[Black "Sexxy_Bunny"]
[Result "1/2-1/2"]
[WhiteElo "2519"]
[BlackElo "2699"]

1. e4 c5 2. Nf3 d6 3. d4 cxd4 4. Nxd4 Nf6 5. Nc3 a6 6. h3 e5 7. Nb3 Be6 8. Be3
Be7 9. f4 exf4 10. Bxf4 O-O 11. Qf3 Nbd7 12. O-O-O Rc8 13. g4 h6 14. Kb1 Re8 15.
Be2 b5 16. Rhf1 Qb6 17. Nd5 Bxd5 18. exd5 Ne5 19. Qg2 Ng6 20. Bg3 Bd8 21. Bd3
Ne5 22. Nd4 g6 23. Be2 Qc5 24. c3 Nc4 25. Bxc4 Qxc4 26. Qf3 Rc5 27. Bh4 g5 28.
Bg3 Rxd5 29. Nf5 Qe4+ 30. Qxe4 Rxd1+ 31. Rxd1 Nxe4 32. Nxh6+ Kh7 33. Nf5 Bc7 34.
Kc2 Kg6 35. Rd3 Re6 36. a3 Nxg3 37. Nxg3 d5 38. Nf5 Re2+ 39. Kb3 Bf4 40. Rxd5
Rh2 41. Rd3 Kf6 42. Nd6 Ke7 43. Nf5+ Kf6 44. Nd6 Ke7 45. Nf5+ Kf6 1/2-1/2

[Event "AUTO-ELITE-2554"]
[Site "http://www.queenalice.com/game.php?id=1844888"]
[Date "2024.10.7"]
[Round "1"]
[White "Sexxy_Bunny"]
[Black "SPIDERMAN99"]
[Result "1/2-1/2"]
[WhiteElo "2630"]
[BlackElo "2489"]

1. e4 c6 2. d4 d5 3. e5 Bf5 4. Nf3 e6 5. Be2 Nd7 6. O-O h6 7. Nbd2 Ne7 8. Nb3 g5
9. Ne1 Qc7 10. Nd3 Ng6 11. Be3 O-O-O 12. Bg4 Be4 13. Bh5 f6 14. exf6 Nxf6 15.
Nbc5 Nxh5 16. Qxh5 Qf7 17. Qe2 Bd6 18. Nxe4 dxe4 19. Ne5 Bxe5 20. dxe5 Nf4 21.
Qc4 Nxg2 22. Kxg2 Qf3+ 23. Kg1 Qg4+ 24. Kh1 Qf3+ 25. Kg1 Qg4+ 1/2-1/2

[Event "AUTO-ELITE-2536"]
[Site "http://www.queenalice.com/game.php?id=1848626"]
[Date "2024.12.11"]
[Round "2"]
[White "Sexxy_Bunny"]
[Black "SPIDERMAN99"]
[Result "1/2-1/2"]
[WhiteElo "2694"]
[BlackElo "2516"]

1. e4 c5 2. Nf3 d6 3. d4 cxd4 4. Nxd4 Nf6 5. Nc3 a6 6. Be3 e5 7. Nb3 Be6 8. f3
h5 9. Qd2 Nbd7 10. Nd5 Bxd5 11. exd5 g6 12. Be2 Bg7 13. O-O b6 14. c4 O-O 15.
Rae1 Re8 16. Bf2 Rc8 17. Kh1 a5 18. a4 Nh7 19. Bd3 Bf6 20. Qc2 Bg5 21. Nc1 Nc5
22. Ne2 f5 23. g3 Nf6 24. Nc3 Rc7 25. Qd1 Rce7 26. Bc2 Bh6 27. Re2 Qd7 28. b3 e4
29. fxe4 Nfxe4 30. Nxe4 Nxe4 31. Bxe4 Rxe4 32. Rfe1 Qe7 33. Rxe4 fxe4 34. Bxb6
e3 35. Qd3 Qf6 36. Bxa5 Qf3+ 37. Kg1 Qf2+ 38. Kh1 Qf3+ 39. Kg1 Qf2+ 40. Kh1 Qf3+
1/2-1/2

[Event "AUTO-ELITE-2536"]
[Site "http://www.queenalice.com/game.php?id=1848627"]
[Date "2024.12.11"]
[Round "2"]
[White "SPIDERMAN99"]
[Black "Sexxy_Bunny"]
[Result "1/2-1/2"]
[WhiteElo "2512"]
[BlackElo "2690"]

1. e4 c5 2. Nf3 d6 3. d4 cxd4 4. Nxd4 Nf6 5. Nc3 a6 6. h3 e5 7. Nb3 Be6 8. Be3
Be7 9. f4 exf4 10. Bxf4 O-O 11. Qf3 Nbd7 12. O-O-O Rc8 13. g4 h6 14. Kb1 Re8 15.
Be2 b5 16. Rhf1 Qc7 17. Nd4 Ne5 18. Qg2 Nh7 19. Nd5 Bxd5 20. exd5 Bf6 21. c3 Nc4
22. Nc6 Nb6 23. Bf3 Ng5 24. Bxg5 Bxg5 25. Qg3 Nc4 26. h4 Nd2+ 27. Rxd2 Bxd2 28.
Bd1 Qb6 29. Bc2 Rxc6 30. dxc6 Qxc6 31. Rd1 Qd5 32. Qf2 Be3 33. Qg3 Qe5 34. Qf3
g5 35. hxg5 Bxg5 36. Rf1 Qf6 37. Qd3 Qg6 38. Qg3 Qe6 39. Qd3 Qg6 40. Qg3 Qe6 41.
Qd3 Qg6 1/2-1/2

[Event "AUTO-ELITE-2535"]
[Site "http://www.queenalice.com/game.php?id=1854216"]
[Date "2025.3.20"]
[Round "2"]
[White "Sexxy_Bunny"]
[Black "SPIDERMAN99"]
[Result "1/2-1/2"]
[WhiteElo "2642"]
[BlackElo "2516"]

1. e4 c5 2. Nf3 d6 3. d4 cxd4 4. Nxd4 Nf6 5. Nc3 a6 6. Be3 e5 7. Nb3 Be6 8. f3
h5 9. Qd2 Nbd7 10. Nd5 Bxd5 11. exd5 g6 12. Be2 Bg7 13. O-O b6 14. c4 O-O 15.
Rae1 Re8 16. Bf2 Rc8 17. Kh1 a5 18. a4 Nh7 19. Bd3 Bf6 20. Qc2 Bg5 21. Nc1 Nc5
22. Ne2 f5 23. g3 Qc7 24. Nc3 Nxd3 25. Qxd3 Qxc4 26. Qxc4 Rxc4 27. f4 Bh6 28.
Nb5 Bf8 29. fxe5 dxe5 30. Rc1 Rec8 31. Rxc4 Rxc4 32. b3 Rb4 33. Bxb6 Rxb3 34.
Bxa5 Nf6 35. d6 Kf7 36. Bc3 Ke6 37. Nc7+ Kxd6 38. Rd1+ Kxc7 39. Bxe5+ Kc6 40.
Bxf6 Ra3 41. Ra1 Rxa1+ 42. Bxa1 g5 43. Kg2 g4 44. Bd4 Bd6 45. Bf2 f4 46. gxf4
Bxf4 47. Bg3 Bd2 48. Bf2 Ba5 49. h3 gxh3+ 50. Kxh3 Bb6 51. Bxb6 Kxb6 52. Kh4 Ka5
53. Kxh5 Kxa4 1/2-1/2

[Event "AUTO-ELITE-2535"]
[Site "http://www.queenalice.com/game.php?id=1854217"]
[Date "2025.3.20"]
[Round "2"]
[White "SPIDERMAN99"]
[Black "Sexxy_Bunny"]
[Result "1/2-1/2"]
[WhiteElo "2518"]
[BlackElo "2623"]

1. e4 c5 2. Nf3 d6 3. d4 cxd4 4. Nxd4 Nf6 5. Nc3 a6 6. h3 e5 7. Nb3 Be6 8. Be3
Be7 9. f4 exf4 10. Bxf4 O-O 11. Qf3 Nbd7 12. O-O-O Rc8 13. g4 h6 14. Kb1 Re8 15.
Be2 b5 16. Rhf1 Qc7 17. Nd4 Nh7 18. a3 Bf6 19. Qg3 Qa7 20. Be3 Be5 21. Nxe6 Bxg3
22. Bxa7 Rxe6 23. a4 bxa4 24. Bd4 Ne5 25. Bxa6 Rb8 26. Ne2 Bh4 27. Nf4 Ree8 28.
Ka2 Ng5 29. Bxe5 dxe5 30. Ng2 Bg3 31. Rd3 Re6 32. Bc4 Rc6 33. Ne3 Bf4 34. Bd5
Rc5 35. c3 Nxh3 36. Nc2 Ng5 37. Nb4 Rb6 38. Ka3 g6 39. Kxa4 Kg7 40. b3 h5 41.
gxh5 gxh5 42. Nc2 f5 43. b4 Rc8 44. exf5 e4 45. Rdd1 Rxc3 46. Rxf4 Rxc2 47. Kb3
Rc8 48. Bxe4 Nxe4 49. Rxe4 Kf6 50. Rd5 Rh8 51. Kc4 Rc6+ 52. Kb5 Rc1 53. Re6+ Kg5
54. Rg6+ Kf4 55. f6 Rb8+ 56. Ka6 1/2-1/2

[Event "AUTO-ELITE-2551"]
[Site "http://www.queenalice.com/game.php?id=1861842"]
[Date "2025.8.21"]
[Round "2"]
[White "Sexxy_Bunny"]
[Black "SPIDERMAN99"]
[Result "1/2-1/2"]
[WhiteElo "2627"]
[BlackElo "2520"]

1. e4 c5 2. Nf3 d6 3. d4 cxd4 4. Nxd4 Nf6 5. Nc3 a6 6. Be3 e5 7. Nb3 Be6 8. f3
h5 9. Qd2 Nbd7 10. Nd5 Bxd5 11. exd5 g6 12. Be2 Bg7 13. O-O b6 14. c4 O-O 15.
Rae1 a5 16. Na1 h4 17. Nc2 Nh5 18. Na3 Nf4 19. Nb5 Nc5 20. Kh1 h3 21. Bxf4 hxg2+
22. Kxg2 exf4 23. Qxf4 Qe7 24. Kh1 Rad8 25. b3 Rfe8 26. Qg3 Qf6 27. f4 Ne4 28.
Qg4 Nd2 29. Rf2 Ne4 30. Rg2 Nc3 31. Nxc3 Qxc3 32. Rf1 Re4 33. Bf3 Re1 34. Rxe1
Qxe1+ 35. Rg1 Qf2 36. Rg2 Qf1+ 37. Rg1 1/2-1/2

[Event "AUTO-ELITE-2551"]
[Site "http://www.queenalice.com/game.php?id=1861843"]
[Date "2025.8.21"]
[Round "2"]
[White "SPIDERMAN99"]
[Black "Sexxy_Bunny"]
[Result "1/2-1/2"]
[WhiteElo "2522"]
[BlackElo "2625"]

1. d4 Nf6 2. c4 e6 3. Nf3 d5 4. g3 Be7 5. Bg2 O-O 6. O-O dxc4 7. Qc2 a6 8. a4
Bd7 9. Qxc4 Bc6 10. Bg5 Bd5 11. Qc2 Be4 12. Qc1 h6 13. Bxf6 Bxf6 14. Nbd2 Bxf3
15. Nxf3 a5 16. Rd1 c6 17. e4 Na6 18. Qe3 Nb4 19. Rac1 Qc7 20. h4 Rad8 21. h5
Rd7 22. Bf1 Qb6 23. Rc4 Rfd8 24. Rd2 Qa7 25. Qf4 b6 26. Qe3 Qb7 27. b3 Kf8 28.
Kh2 Kg8 29. Kg1 Kf8 30. Kh2 Kg8 31. Kg1 1/2-1/2

[Event "AUTO-ELITE-2554"]
[Site "http://www.queenalice.com/game.php?id=1862044"]
[Date "2025.8.25"]
[Round "2"]
[White "Sexxy_Bunny"]
[Black "SPIDERMAN99"]
[Result "1/2-1/2"]
[WhiteElo "2620"]
[BlackElo "2491"]

1. e4 c5 2. Nf3 d6 3. d4 cxd4 4. Nxd4 Nf6 5. Nc3 a6 6. Be3 e5 7. Nb3 Be6 8. f3
h5 9. Qd2 Nbd7 10. Nd5 Bxd5 11. exd5 g6 12. Be2 Bg7 13. O-O b6 14. c4 O-O 15.
Rae1 Re8 16. Bf2 Rc8 17. Kh1 a5 18. a4 Nh7 19. Bd3 Bf6 20. Qc2 Bg5 21. Nc1 Nc5
22. Ne2 f5 23. g3 Qc7 24. Nc3 Nxd3 25. Qxd3 Qxc4 26. Qxc4 Rxc4 27. f4 Bh6 28.
Nb5 Bf8 29. fxe5 dxe5 30. Rc1 Rec8 31. Rxc4 Rxc4 32. b3 Rb4 33. d6 Nf6 34. Bxb6
Rxb3 35. Bxa5 Kf7 36. Bc3 Ke6 37. Nc7+ Kxd6 38. Rd1+ Kc6 39. Bxe5 Ne4 40. Ra1
Bd6 41. Bxd6 Kxd6 42. Nb5+ Kd5 43. Na7 Rb2 44. a5 Nd2 45. Nb5 Rxb5 46. a6 Nc4
47. a7 Nb6 48. h4 Rb2 49. a8=Q+ Nxa8 50. Rxa8 Rb6 51. Kg2 Ke4 52. Ra4+ Ke5 53.
Kf3 Rb3+ 54. Kg2 Rb2+ 55. Kh3 Rd2 56. Ra5+ Rd5 57. Ra6 Rd6 58. Ra5+ Rd5 59. Ra8
Rd6 60. Re8+ Re6 61. Rh8 f4 62. gxf4+ Kxf4 63. Rf8+ Ke3 64. Kg3 Ke4 65. Ra8 Kf5
66. Rf8+ Ke5 67. Rh8 Kf5 68. Rf8+ Rf6 69. Rxf6+ Kxf6 70. Kf4 Ke6 71. Kg5 Kf7 72.
Kf4 Kf6 73. Ke4 Ke6 1/2-1/2

[Event "AUTO-ELITE-2554"]
[Site "http://www.queenalice.com/game.php?id=1862045"]
[Date "2025.8.25"]
[Round "2"]
[White "SPIDERMAN99"]
[Black "Sexxy_Bunny"]
[Result "1/2-1/2"]
[WhiteElo "2495"]
[BlackElo "2623"]

1. e4 c5 2. Nf3 d6 3. d4 cxd4 4. Nxd4 Nf6 5. Nc3 a6 6. a4 e5 7. Nf3 Be7 8. Bg5
Be6 9. Bxf6 Bxf6 10. Nd5 Nd7 11. Bc4 Rc8 12. Qe2 Nb6 13. Nxf6+ Qxf6 14. Bxe6
Qxe6 15. b3 O-O 16. O-O Rc3 17. Rfd1 Rfc8 18. Ne1 Nd7 19. Rd3 Rxd3 20. Nxd3 Nf6
21. h3 Qd7 22. Rd1 Qc6 23. f3 Qc3 24. Qd2 Kf8 25. Nb4 Qxd2 26. Rxd2 Ke7 27. g4
Ke6 28. Kf2 a5 29. Nd3 Nd7 30. h4 Nb6 31. Kg3 f6 32. h5 Rc3 33. Nf2 Rc6 34. Nd3
Rc3 35. Nf2 Rc6 36. Nd3 Rc8 37. Nf2 Na8 38. Nd1 Rc6 39. Ne3 Nc7 40. Nc4 b6 41.
Ne3 b5 42. axb5 Nxb5 43. Rd5 Rc5 44. c4 Nd4 45. Nf5 Nxf5+ 46. gxf5+ Ke7 47. Rd2
Rc8 48. Ra2 Rb8 49. Ra3 h6 50. Kf2 Kd8 51. Ke3 Kc7 52. Kd3 Rb7 53. Kc2 Kb6 54.
Kc3 Ra7 55. Kc2 Kc5 56. Kc3 Ra6 57. Kc2 Ra7 58. Kc3 Kb6 59. Kc2 Ra6 60. Kc3 Ra7
1/2-1/2